| 000 | 00571nam a22001697a 4500 | ||
|---|---|---|---|
| 003 | NUST | ||
| 038 | _aNusrat Nadeem | ||
| 082 | _a200 | ||
| 100 |
_aBasharat, Sarah _9127718 |
||
| 245 |
_aExploiting Reconfigurable Intelligent Surfaces for Performance Enhancement in 6G Wireless Networks/ _cSarah Basharat, |
||
| 264 |
_aIslamabad; _bSEECS NUST; _c2024. |
||
| 300 | _a157,p; | ||
| 650 |
_aPhD- Electrical Engineering _984162 |
||
| 700 |
_aSupervisor: Prof. Syed Ali Hassan _9124796 |
||
| 856 | _uhttp://10.250.8.41:8080/xmlui/handle/123456789/49149 | ||
| 942 |
_2ddc _cSC |
||
| 999 |
_c612760 _d612760 |
||